Central Library OPAC University of Rajshahi

বাংলাদেশের উপন্যাসে ভূগোল চেতনা / (Record no. 61966)

MARC details
000 -LEADER
fixed length control field 00991nam a2200241 a 4500
001 - CONTROL NUMBER
control field 61966
003 - CONTROL NUMBER IDENTIFIER
rucl marc code BD-RjUL
005 - DATE AND TIME OF LATEST TRANSACTION
control field 20211209081026.0
008 - FIXED-LENGTH DATA ELEMENTS--GENERAL INFORMATION
fixed length control field 170122s2015 bg a|||| b||| 00| 0 ben d
020 ## - INTERNATIONAL STANDARD BOOK NUMBER
International Standard Book Number 9789849076032
Terms of availability : TK 1000.00
035 ## - SYSTEM CONTROL NUMBER
System control number (BD-RjUL)62091
040 ## - CATALOGING SOURCE
Original cataloging agency BD-RjUL
Language of cataloging ben
Transcribing agency BD-RjUL
041 ## - LANGUAGE CODE
Language code of text/sound track or separate title ben
082 ## - DEWEY DECIMAL CLASSIFICATION NUMBER
Edition number 23
Classification number 891.44309
Author mark and year RAB 2015
100 ## - MAIN ENTRY--PERSONAL NAME
Personal name আনিস রহমান
9 (RLIN) 170404
245 10 - TITLE STATEMENT
Title বাংলাদেশের উপন্যাসে ভূগোল চেতনা /
Statement of responsibility, etc. আনিস রহমান
260 ## - PUBLICATION, DISTRIBUTION, ETC. (IMPRINT)
Place of publication, distribution, etc. ঢাকা :
Name of publisher, distributor, etc. অনিন্দ্য প্রকাশ,
Date of publication, distribution, etc. ২০১৫
300 ## - PHYSICAL DESCRIPTION
Pagination ৬০৭ পৃ. :
Illustrations চিত্র ;
Size ২১ সেমি.
504 ## - BIBLIOGRAPHY, ETC. NOTE
Bibliography, etc গ্রন্থপঞ্জি সম্বলিত
650 ## - SUBJECT ADDED ENTRY--TOPICAL TERM
Topical term or geographic name as entry element বাংলা উপন্যাস
General subdivision ইতিহাস ও সমালোচনা
9 (RLIN) 179529
Topical term or geographic name as entry element Bengali Fiction
General subdivision History & Criticism
9 (RLIN) 179538
942 ## - ADDED ENTRY ELEMENTS (KOHA)
Source of classification or shelving scheme Dewey Decimal Classification
Koha item type Books
Holdings
Lost status Source of classification or shelving scheme Damaged status Not for loan Collection code Permanent Location Current Location Shelving location Date acquired Source of acquisition Cost, normal purchase price Total Checkouts Full call number Date last seen Copy number Koha item type Date checked out
  Dewey Decimal Classification   Not For Loan Fiction Central Library, University of Rajshahi Central Library, University of Rajshahi Reading Room 18/01/2017 Dhaka, Onondo Prokashoni. 1000.00   B 891.44309 RAB 2015 22/01/2017 C-1 Books  
  Dewey Decimal Classification     Fiction Central Library, University of Rajshahi Central Library, University of Rajshahi   18/01/2017 Dhaka, Onondo Prokashoni. 1000.00 2 B 891.44309 RAB 2015 21/01/2025 C-2 Books 06/01/2025
  Dewey Decimal Classification     Fiction Central Library, University of Rajshahi Central Library, University of Rajshahi   18/01/2017 Dhaka, Onondo Prokashoni. 1000.00 3 B 891.44309 RAB 2015 24/09/2024 C-4 Books 10/09/2024